[Event "Bratto op-C 35th"]
[Site "Bratto"]
[Date "2015.08.24"]
[Round "2.14"]
[White "Strada, Giorgio"]
[Black "Davini, Andrea"]
[Result "0-1"]
[WhiteElo "1365"]
[BlackElo "1695"]
[PlyCount "76"]
[EventDate "2015.08.23"]
[EventType "swiss"]
[EventRounds "8"]
[EventCountry "ITA"]
[SourceTitle "EXT 2022"]
[Source "ChessBase"]
[SourceDate "2021.10.06"]
[SourceVersion "1"]
[SourceVersionDate "2021.10.06"]
[SourceQuality "1"]

1. d4 d5 2. c4 c6 3. Nc3 dxc4 4. a4 e5 5. Nf3 exd4 6. Qxd4 Qxd4 7. Nxd4 Bc5 8. Nc2 Nf6 9. Bf4 0-0 10. e3 Be6 11. Be2 Nd5 12. Nxd5 cxd5 13. 0-0 Nc6 14. Rfd1 Rfd8 15. Rd2 d4 16. exd4 Nxd4 17. Nxd4 Rxd4 18. Be3 Rxd2 19. Bxd2 Rd8 20. Rd1 a6 21. Bc3 Rxd1+ 22. Bxd1 b5 23. axb5 axb5 24. Kf1 Kf8 25. Be2 b4 26. Be5 f6 27. Bf4 Ke7 28. Be3 Bxe3 29. fxe3 Kd6 30. Ke1 Ke5 31. Kd2 Bd5 32. g3 Ke4 33. Bd1 c3+ 34. bxc3 bxc3+ 35. Ke2 Bc4+ 36. Kf2 Kd3 37. Kf3 c2 38. Bxc2+ Kxc2 0-1

[Event "Ceriano Laghetto op-C 24th"]
[Site "Ceriano Laghetto"]
[Date "2015.03.08"]
[Round "4"]
[White "Mangiapan, Gabriele"]
[Black "Strada, Giorgio"]
[Result "0-1"]
[WhiteElo "1437"]
[BlackElo "1359"]
[PlyCount "120"]
[EventDate "2015.03.06"]
[EventType "swiss"]
[EventRounds "5"]
[EventCountry "ITA"]
[SourceTitle "EXT 2024"]
[Source "ChessBase"]
[SourceDate "2023.10.10"]
[SourceVersion "1"]
[SourceVersionDate "2023.10.10"]
[SourceQuality "1"]

1. e4 c5 2. Nf3 a6 3. Bc4 d6 4. d4 cxd4 5. Nxd4 e6 6. Nc3 Nf6 7. Bg5 Be7 8. 0-0 0-0 9. Nf3 Nbd7 10. Re1 b5 11. Bd3 Bb7 12. Qd2 Nc5 13. Qf4 h6 14. Bxf6 Bxf6 15. Rab1 Rc8 16. Nd1 e5 17. Qd2 Re8 18. b4 Ne6 19. Nc3 Ng5 20. Nd5 Bxd5 21. exd5 e4 22. Nxg5 Bxg5 23. f4 exf3 24. Qf2 Rxe1+ 25. Rxe1 fxg2 26. Qxg2 Bh4 27. Re2 Qg5 28. Qxg5 Bxg5 29. Re4 Kf8 30. c4 f5 31. Rd4 Be3+ 32. Kf1 Bxd4 33. cxb5 axb5 34. Bxb5 Rb8 35. a4 Bc3 36. a5 Rxb5 37. a6 Bxb4 38. Kf2 Rxd5 39. Ke3 Ra5 40. Kf4 d5 41. Kxf5 Rxa6 42. Ke5 Bd6+ 43. Kxd5 Bxh2 44. Kc4 Rd6 45. Kc5 Ke8 46. Kc4 Kd7 47. Kc5 Ke6 48. Kc4 Rd5 49. Kc3 Ke5 50. Kc4 Ke4 51. Kc3 Rd4 52. Kc2 Rd3 53. Kb1 Rd2 54. Ka1 Kd3 55. Kb1 Kc3 56. Kc1 Bf4 57. Kb1 Rc2 58. Ka1 Kb3 59. Kb1 Rc3 60. Ka1 Rc1# 0-1